| Поле | Инд. | ПП | Название | Значение |
|---|---|---|---|---|
| Тип записи | a | |||
| Библиографический уровень | m | |||
| 001 | Контрольный номер | db69ec3e14454751943416b76b9b5204 | ||
| 005 | Дата корректировки | 20210122094946.4 | ||
| 040 | a | Служба первич. каталог. | НБ ТвГУ | |
| b | Код языка каталог. | rus | ||
| e | Правила каталог. | PSBO | ||
| 041 | 0_ | a | Код языка текста | rus |
| 080 | a | Индекс УДК | 330.14 | |
| 084 | a | Индекс другой классификации/Индекс ББК | У013.5 | |
| 084 | a | Индекс другой классификации/Индекс ББК | У01 | |
| 090 | a | Полочн. индекс | 3К13 | |
| x | Авторский знак | К 20 | ||
| 097 | b | Оператор | Semenova.ZR | |
| 100 | 1_ | a | Автор | Маркс Карл |
| e | Роль лиц | Автор | ||
| 245 | 10 | a | Заглавие | Капитал |
| n | Номер части/ раздела | Т. 3, кн. 3, ч. 2 | ||
| b | Продолж. заглавия | Критика политической экономии : перевод с немецкого | ||
| c | Ответственность | Карл Маркс ; под редакцией Фридриха Энгельса | ||
| p | Название части/ раздела | Процесс капиталистического производства, взятый в целом | ||
| 260 | c | Дата издания | 1975 | |
| a | Место издания | Москва | ||
| b | Издательство | Политиздат | ||
| 300 | a | Объем | С. 509-1082 | |
| b | Иллюстрации/ тип воспроизводства | ил. | ||
| 504 | a | Библиография | Библиогр. в примеч.: с. 995-1016. - Указатели: с. 1017-1078 | |
| 653 | 0_ | a | Ключевые слова | Капиталистический способ производства |
| a | Ключевые слова | Политическая экономия | ||
| a | Ключевые слова | Капитал | ||
| a | Ключевые слова | Экономическая теория | ||
| 901 | t | Тип документа | m | |
| 920 | a | Оператор | Семен | |
| a | Оператор | Суха | ||
| a | Оператор | Стро | ||
| 930 | a | Новая/Ретро | новая | |
| 952 | c | Вид литературы | К рн | |
| 954 | b | Дата поступления в ОК | 20201027 | |
| a | Дата поступления на обработку | 20201110 | ||
| c | Дата окончания ОНО | 20201111 |